The Challenge Of Eduction (Record no. 521579)

000 -LEADER
fixed length control field 00223nam a22000977a 4500
082 ## - DEWEY DECIMAL CLASSIFICATION NUMBER
Classification number TNC P Si64
100 ## - MAIN ENTRY--PERSONAL NAME
Personal name Singh, Amrik
9 (RLIN) 35450
245 ## - TITLE STATEMENT
Title The Challenge Of Eduction
260 ## - PUBLICATION, DISTRIBUTION, ETC. (IMPRINT)
Place of publication, distribution, etc New delhi
Name of publisher, distributor, etc ICFAI
Date of publication, distribution, etc 2004
300 ## - PHYSICAL DESCRIPTION
Extent 211p.
Holdings
Withdrawn status Lost status Source of classification or shelving scheme Damaged status Koha normalized classification for sorting Not for loan Permanent location Current location Date acquired Full call number Barcode Date last seen Price effective from Koha item type
        TNC_P_SI64   Indian Institute of Public Administration Indian Institute of Public Administration 2023-02-14 TNC P Si64 GR23275 2023-02-14 2023-02-14 GR

Powered by Koha